LEADER 00779nam a2200217 i 4500 001 000000160968 003 CaOOAMICUS 005 20260312122049.0 008 070423s1968 it u000 u ita u 013 $a138331 040 $aSeMil$bita 245 10$a2 /$cAlois Stöger. 260 $aRoma :$bCittā Nuova,$c1968. 300 $a350 p. 773 0 $aStöger, Alois$tVangelo secondo Luca.$dRoma : Cittā Nuova, 1966-1968.$kCommenti spirituali del Nuovo Testamento$g2$w()17704 850 $aSeMil 852 $aSeMil$W1$xVenegono$y1$m2Z II 200$j112410$B112410$CSeMilBibl$Z2$F122572 $81 961 $aRecupero: Altro 996 $6245$a2$9(OLS)http://semarc/title/46890 996 $6260$aRoma :$bCittā Nuova$9(OLS)http://semarc/publisher/29609